Statistics for Salt Lake City Airport (SLC) Destinations

Click here to take the quiz!

General Stats

  • This quiz has been taken 40 times
  • The average score is 70 of 98

Answer Stats

State or Country Airlines Destinations % Correct
MexicoDeltaMexico City
100%
TexasAmerican, DeltaDallas Fort-Worth
100%
NevadaDelta, Frontier, SouthwestLas Vegas
100%
TexasSouthwestDallas Love
100%
IllinoisSouthwestChicago Midway
97%
WashingtonAlaska, DeltaSeattle
97%
ColoradoAmerican, Delta, Frontier, Southwest, SwiftAirDenver
97%
IllinoisAmerican, Delta, UnitedChicago O'Hare
97%
D.CDeltaWashington Dulles
97%
TexasDelta, FrontierAustin
97%
D.CDeltaWashington Reagan
97%
New YorkDelta, JetBlueNew York JFK
94%
U.KDeltaLondon-Heathrow
94%
TexasDelta, UnitedHouston Bush
94%
ArizonaAmerican, Delta, SouthwestPhoenix
94%
OregonAlaska, DeltaPortland
94%
CaliforniaAlaska, American, Delta, Southwest, UnitedLos Angeles
94%
TexasSouthwestHouston Hobby
94%
TexasDeltaSan Antonio
94%
CaliforniaAlaska, Delta, SouthwestSan Diego
94%
GeorgiaDelta, FrontierAtlanta
94%
MarylandDelta, SouthwestBaltimore
94%
MassachusettsDelta, JetBlueBoston
94%
MissouriDeltaSaint-Louis
91%
AlaskaDeltaAnchorage
91%
IdahoDelta, Western Air ExpressBoise
91%
MinnesotaDeltaMinneapolis
91%
TennesseeDeltaNashville
91%
LouisianaDeltaNew Orleans
91%
OklahomaDeltaOklahoma City
91%
MichiganDeltaDetroit
91%
CanadaDeltaVancouver
91%
CanadaDeltaToronto
91%
FloridaDeltaOrlando
91%
FranceDeltaParis
91%
CaliforniaAlaska, Delta, UnitedSan Francisco
91%
IndianaDeltaIndianapolis
91%
ArizonaDeltaTucson
89%
NetherlandsDelta, KLMAmsterdam
89%
NevadaDeltaReno
89%
New MexicoDeltaAlbuquerque
89%
FloridaDeltaTampa
86%
North CarolinaAmerican, DeltaCharlotte
86%
HawaiiDeltaHonolulu
86%
OhioDeltaCleveland
86%
WisconsinDeltaMilwaukee
86%
PennsylvaniaDeltaPhiladelphia
83%
NebraskaDeltaOmaha
83%
New JerseyDelta, UnitedNewark
83%
ColoradoDeltaColorado Springs
80%
OhioDeltaColumbus
80%
MexicoDeltaCancun
80%
CaliforniaDelta, SouthwestSan Jose
77%
CaliforniaDelta, JetBlue, SouthwestOakland
77%
OklahomaDeltaTulsa
77%
PennsylvaniaDeltaPittsburgh
77%
OhioDeltaCincinnati
77%
CaliforniaDelta, SouthwestSacramento
77%
MontanaAlpine Air Express, DeltaBillings
77%
MissouriDeltaKansas City
74%
MexicoAeroMexicoGuadalajara
71%
CanadaDeltaCalgary
71%
North CarolinaDeltaRaleigh-Durham
71%
MontanaDeltaHelena
69%
FloridaDelta, JetBlueFort Lauderdale
66%
WisconsinDeltaMadison
63%
WashingtonDeltaSpokane
63%
OregonDeltaEugene
60%
CaliforniaDelta, UnitedFresno
60%
CaliforniaDeltaOrange County
54%
ColoradoDeltaAspen
54%
WyomingDeltaJackson Hole
54%
MontanaDeltaBozeman
54%
IdahoAlpine Air ExpressIdaho Falls
49%
MontanaDeltaMissoula
49%
CaliforniaDelta, JetBlueLong Beach
49%
South DakotaDeltaRapid City
46%
WyomingDeltaCasper
46%
CaliforniaDeltaOntario
43%
CaliforniaDelta, SouthwestBurbank
40%
MontanaDeltaButte
40%
IdahoAlpine Air Express, DeltaPocatello
34%
MontanaDeltaKalispell
34%
MontanaDeltaGreat Falls
31%
MexicoDeltaPuerto Vallarta
31%
MexicoDeltaSan Jose del Cabo
31%
WyomingDeltaCody/Yellowstone
31%
ColoradoDeltaGrand Junction
29%
WashingtonDeltaPasco/ Tri-Cities
29%
OregonDeltaMedford
29%
CaliforniaDeltaPalm Springs
26%
UtahAlpine Air Express, DeltaCedar City
23%
IdahoDeltaTwin Falls
23%
NevadaDeltaElko
20%
IdahoDeltaSun Valley/ Hailey
20%
OregonDeltaRedmond
20%
MontanaDeltaWest Yellowstone
20%
IdahoDeltaLewiston/ Nez Perce
14%

Score Distribution

Percentile by Number Answered

Percent of People with Each Score

Your Score History

You have not taken this quiz